Fr. Conceicao Rodrigues College of Engineering

Network security:Issues challenges and techniques (Record no. 28590)

MARC details
000 -LEADER
fixed length control field 00386nam a2200169Ia 4500
082 ## - DEWEY DECIMAL CLASSIFICATION NUMBER
Classification number 5.8
Item number SAR
100 ## - MAIN ENTRY--PERSONAL NAME
Personal name Sarma/Nityananda
245 ## - TITLE STATEMENT
Title Network security:Issues challenges and techniques
260 ## - PUBLICATION, DISTRIBUTION, ETC.
Name of publisher, distributor, etc. Narosa
Date of publication, distribution, etc. 2010
366 ## - TRADE AVAILABILITY INFORMATION
Publishers's discount category 20
300 ## - PHYSICAL DESCRIPTION
Extent 170
546 ## - LANGUAGE NOTE
Language note ENGLISH
-- Computers
650 ## - SUBJECT ADDED ENTRY--TOPICAL TERM
Topical term or geographic name entry element Network Security
654 ## - SUBJECT ADDED ENTRY--FACETED TOPICAL TERMS
Focus term network security
942 ## - ADDED ENTRY ELEMENTS (KOHA)
Koha item type BOOK
Holdings
Withdrawn status Lost status Damaged status Not for loan Collection Home library Current library Date acquired Source of acquisition Cost, normal purchase price Inventory number Total Checkouts Full call number Barcode Date last seen Cost, replacement price Price effective from Koha item type
        CRC Fr. Agnel's C.Rodrigues College of Engineering Fr. Agnel's C.Rodrigues College of Engineering 17/03/2023 Narosa 476.00 264 dt 22/05/2013   5.8 SAR 22693 17/03/2023 595.00   BOOK